Đặc sắc tính nữ trong thơ Xuân Quỳnh
Xuân Quỳnh- cuộc đời, thi ca và vấn đề tính nữ trong thơ. Cái tôi trữ tình - hiện thân của tính nữ trong thơ Xuân Quỳnh. Phương thức nghệ thuật biểu hiện tính nữ trong thơ Xuân Quỳnh
Uloženo v:
| Hlavní autor: | |
|---|---|
| Další autoři: | |
| Médium: | Kniha |
| Jazyk: | Vietnamese |
| Vydáno: |
Đà Nẵng
Đại học Đà Nẵng
2011
|
| Edice: | Luận văn thạc sĩ khoa học xã hội và nhân văn . Chuyên ngành: Văn học Việt Nam
|
| Témata: | |
| Tagy: |
Přidat tag
Žádné tagy, Buďte první, kdo otaguje tento záznam!
|
| Thư viện lưu trữ: | Mạng thư viện Đại học Đà Nẵng |
|---|
| LEADER | 01498nam a2200337 4500 | ||
|---|---|---|---|
| 001 | 000012638 | ||
| 003 | 8946 | ||
| 005 | 20120223080204.0 | ||
| 008 | 120223s2011 viesd | ||
| 041 | |a vie | ||
| 072 | |a Khóa luận tốt nghiệp | ||
| 082 | |a 895.922134 |b TR-V | ||
| 100 | |a Trần, Thị Hồng Vân | ||
| 245 | |a Đặc sắc tính nữ trong thơ Xuân Quỳnh |c Trần, Thị Hồng Vân | ||
| 260 | |a Đà Nẵng |b Đại học Đà Nẵng |c 2011 | ||
| 300 | |a 100 tr. |c 29 cm |e tóm tắt + đia CD | ||
| 490 | |a Luận văn thạc sĩ khoa học xã hội và nhân văn . Chuyên ngành: Văn học Việt Nam | ||
| 500 | |a Tham khảo tr.96-100 | ||
| 520 | |a Xuân Quỳnh- cuộc đời, thi ca và vấn đề tính nữ trong thơ. Cái tôi trữ tình - hiện thân của tính nữ trong thơ Xuân Quỳnh. Phương thức nghệ thuật biểu hiện tính nữ trong thơ Xuân Quỳnh | ||
| 653 | |a Luận văn thạc sí | ||
| 700 | |a Hồ, Thế Hà |c PGS.TS |e Hướng dẫn | ||
| OWN | |a LSP | ||
| AVA | |a UDN50 |b LSP |d 895.922134 TR-V |e available |t Error 5001 Not defined in file expand_doc_bib_avail. |f 1 |g 0 |h N |i 0 |k 1 | ||
| 999 | |a From the UDN01 | ||
| AVA | |a UDN50 |b LSP |d 895.922134 TR-V |e available |t Error 5001 Not defined in file expand_doc_bib_avail. |f 1 |g 0 |h N |i 0 |k 1 | ||
| TYP | |a Monograph | ||
| TYP | |a Printed language | ||
| 980 | |a Mạng thư viện Đại học Đà Nẵng | ||